<?xml version="1.0" encoding="UTF-8"?>
<marc:record xmlns:marc="http://www.loc.gov/MARC21/slim">
   <marc:leader>00000nam a2200000 a 4500</marc:leader>
   <marc:datafield ind1="1" ind2=" " tag="100">
      <marc:subfield code="a">Osborne, Mary Pope</marc:subfield>
      <marc:subfield code="4">aut</marc:subfield>
      <marc:subfield code="e">Verfasser/-in</marc:subfield>
   </marc:datafield>
   <marc:datafield ind1="0" ind2="0" tag="245">
      <marc:subfield code="a">Lawinenhunde im Einsatz</marc:subfield>
   </marc:datafield>
   <marc:datafield ind1=" " ind2="1" tag="264">
      <marc:subfield code="b">Loewe</marc:subfield>
      <marc:subfield code="c">2025</marc:subfield>
   </marc:datafield>
   <marc:datafield ind1="1" ind2=" " tag="490">
      <marc:subfield code="a">Das magische Baumhaus junior</marc:subfield>
   </marc:datafield>
   <marc:datafield ind1="1" ind2=" " tag="520">
      <marc:subfield code="a">Quelle: bn.bibliotheksnachrichten (http://www.biblio.at/literatur/bn/index.html); 
Autor: Anna Goiginger; 
Die Suche nach einer Blume verschlägt die Geschwister dieses Mal auf 2500 m Höhe. (ab 7) (JE)
Der kleine Pinguin Penny wurde versteinert. Drei Dinge können den Zauber wieder rückgängig machen: Den Smaragd haben Anne und Philipp bereits auf der vorangehenden Reise gefunden. Das nächste Abenteuer bringt sie in die Schweizer Alpen, in denen die beiden eine weiß-gelbe Blume aufspüren sollen  und das auf 2500 m Höhe! Gleich zu Beginn werden sie unter einer Lawine begraben, glücklicherweise von Bernhardinerhunden geborgen und in das nächstgelegene Kloster gebracht, in dem sie freundlich aufgenommen werden. Unter den Hunden befindet sich ein eher eigensinniger Bernhardiner: Barry. Anne und Philipp hegen große Sympathien für ihn. Sein Verbleib hängt letztlich von den Geschwistern ab! Ganz beiläufig entdecken die drei einen vermissten, unter Schnee verschütteten Soldaten namens Napoleon Bonaparte. Kloster-Vater Laurent überreicht den Geschwistern als Dankeschön einen Gletscher-Hahnenfuß, eine Blume, die der Höhe trotzt. Das zweite Ding ist damit in ihrem Besitz.
Zum Selberlesen für Kinder ab 7, als Vorlesebuch für Kinder ab 5 verzaubert dieser Band neuerlich das Lesepublikum  das offene Ende steigert die Vorfreude auf das nächste Buch. Interessante Fakten über Lawinenhunde werden gleich mitgeliefert. Gelungene Fortführung.</marc:subfield>
   </marc:datafield>
   <marc:datafield ind1=" " ind2=" " tag="020">
      <marc:subfield code="a">9783743219472</marc:subfield>
      <marc:subfield code="9">9783743219472</marc:subfield>
   </marc:datafield>
</marc:record>
